000 00642nam a2200205Ia 4500
008 191130s2001##################000#0#eng##
020 _a9781840642322
022 _a2001018971
040 _aACL
_cACL
082 _a330.17 PEJ
245 _aThe economics of property rights
_cedited by Svetozar Pejovich
260 _aCheltenham, UK ; Northampton, MA
_bEdward Elgar Pub
_c2001
300 _a2 v. : ill. ; 25 cm
500 _aIncludes bibliographical references and indexes
650 _aRight of property
700 _aPejovich, Svetozar
990 _af584d45eac10000c7625b56e9849fde0
991 _a425310
999 _c396638
_d396638